| 000 | 01831nam a2200397 i 4500 | ||
|---|---|---|---|
| 003 | EG-ScBUE | ||
| 005 | 20240213094240.0 | ||
| 008 | 170525s2015 ua ao f 000 0aara d | ||
| 017 | _a2008 / 13635 | ||
| 020 | _a9789770924679 | ||
| 040 |
_aEG-ScBUE _bara _erda _dEG-ScBUE _cEG-ScBUE |
||
| 041 | 1 |
_aara _hfre |
|
| 043 | _af-ua--- | ||
| 082 | 0 | 4 |
_a962.03092 _bن و ب _222 |
| 100 | 1 |
_aنوبار، بوغوص، _cباشا، _d1899-1825 هـ، _eمؤلف. |
|
| 245 | 1 | 0 |
_aمذكرات نوبار باشا / _cمقدمة وملاحظات ميريت بطرس غالي ؛ مراجعة د. إلهام ذهني ؛ ترجمة جارو روبير طبقيان ؛ تقديم ودراسة وتعليق د. لطيفة محمد سالم. |
| 250 | _aالطبعة الثانية. | ||
| 264 | 1 |
_aالقاهرة : _bدار الشروق، _c2015. |
|
| 300 |
_a724 صفحة : _bإيضاحيات، صور ؛ _c24 سم |
||
| 336 |
_2rdacontent _aنص _btxt |
||
| 337 |
_2rdamedia _aبدون وسيط _bn |
||
| 338 |
_2rdacarrier _aمجلد _bnc |
||
| 500 | _aيشتمل على ملاحق. | ||
| 546 | _aالنص باللغة العربية وقد تم ترجمته من اللغة الفرنسية. | ||
| 600 | 1 | 7 |
_aنوبار، بوغوص، _cباشا، _d1899-1825 هـ. _vيوميات. _2BUEsh |
| 650 | 7 |
_aالسياسيون المصريون _vتراجم. _2BUEsh _931153 |
|
| 650 | 7 |
_aرؤساء الوزارات _zمصر _vيوميات. _2BUEsh |
|
| 651 | 7 |
_aمصر _xتاريخ _yقرن 19. _2BUEsh |
|
| 653 |
_bGGEN _cMay2017 |
||
| 655 | _vReading book | ||
| 700 | 1 |
_aغالي، ميريت بطرس، _eمقدم. _911252 |
|
| 700 | 1 |
_aذهني، إلهام محمد علي، _eمراجع. _911254 |
|
| 700 | 1 |
_aطبقيان، جارو روبير، _eمترجم. _911253 |
|
| 700 | 1 |
_aسالم، لطيفة محمد، _eمعلق. |
|
| 942 | _2ddc | ||
| 999 |
_c24888 _d24860 |
||